|
|
|
|
| LEADER |
00000naa2a2200000 4500 |
| 001 |
428970 |
| 005 |
20231101074904.0 |
| 035 |
|
|
|a (RuTPU)RU\TPU\prd\88647
|
| 035 |
|
|
|a RU\TPU\prd\46531
|
| 090 |
|
|
|a 428970
|
| 100 |
|
|
|a 20101025a2006 k y0rusy50 ca
|
| 101 |
0 |
|
|a rus
|
| 102 |
|
|
|a RU
|
| 200 |
1 |
|
|a О роли цементита в формировании магнитных гистерезисных свойств пластически деформированных высокоуглеродистых сталей
|h 1
|i Магнитные свойства и структурное состояние цементита
|f А. И. Ульянов [и др.]
|
| 225 |
1 |
|
|a Магнитные и электромагнитные методы
|
| 320 |
|
|
|a Библиогр.: 12 назв.
|
| 461 |
|
0 |
|0 (RuTPU)RU\TPU\prd\151
|x 0130-3082
|t Дефектоскопия
|d 1965-
|
| 463 |
|
0 |
|0 (RuTPU)RU\TPU\prd\88643
|t № 7
|v С. 40-52
|d 2006
|
| 610 |
1 |
|
|a цементит
|
| 610 |
1 |
|
|a пластические деформации
|
| 610 |
1 |
|
|a магнитные свойства
|
| 610 |
1 |
|
|a высокоуглеродистые стали
|
| 610 |
1 |
|
|a структурное состояние
|
| 610 |
1 |
|
|a отжиг
|
| 610 |
1 |
|
|a магнитострикция цементита
|
| 610 |
1 |
|
|a результаты исследований
|
| 675 |
|
|
|a 669.14.018
|v 3
|
| 675 |
|
|
|a 539.388.22
|v 3
|
| 701 |
|
1 |
|a Ульянов
|b А. И.
|
| 701 |
|
1 |
|a Елсуков
|b Е. П.
|
| 701 |
|
1 |
|a Чулкина
|b А. А.
|
| 701 |
|
1 |
|a Загайнов
|b А. В.
|
| 701 |
|
1 |
|a Арсентьева
|b Н. Б.
|
| 701 |
|
1 |
|a Коныгин
|b Г. Н.
|
| 701 |
|
1 |
|a Новиков
|b В. Ф.
|
| 701 |
|
1 |
|a Исаков
|b В. В.
|
| 801 |
|
1 |
|a RU
|b 63413507
|c 20061002
|g PSBO
|
| 801 |
|
2 |
|a RU
|b 63413507
|c 20140205
|g RCR
|
| 942 |
|
|
|c BK
|